000 00490nam a22001697a 4500
003 MACL
005 20160510114502.0
008 160510b xxu||||| |||| 00| 0 eng d
040 _cMACL
041 _aHindi
082 _a891.433
100 _aवर्मा , निर्मल
_940933
245 _aवे दिन
_cनिर्मल वर्मा
260 _aदिल्‍ली
_bभारतीय ज्ञानपीठ
650 _aNovel
_955816
942 _2ddc
_cHIN
999 _c53941
_d53941